|
|
|
|
| LEADER |
01814nam a2200421 i 4500 |
| 001 |
EBC5107281 |
| 003 |
MiAaPQ |
| 005 |
20200520144314.0 |
| 006 |
m o d | |
| 007 |
cr cnu|||||||| |
| 008 |
171121t20172017enk ob 001 0 eng d |
| 020 |
|
|
|z 9781909112759
|
| 020 |
|
|
|a 9781909112957
|q (electronic bk.)
|
| 035 |
|
|
|a (MiAaPQ)EBC5107281
|
| 035 |
|
|
|a (Au-PeEL)EBL5107281
|
| 035 |
|
|
|a (CaPaEBR)ebr11460310
|
| 035 |
|
|
|a (OCoLC)1009242061
|
| 040 |
|
|
|a MiAaPQ
|b eng
|e rda
|e pn
|c MiAaPQ
|d MiAaPQ
|
| 050 |
|
4 |
|a HG229
|b .N836 2017
|
| 082 |
0 |
|
|a 332.41
|2 23
|
| 100 |
1 |
|
|a Nwankwo, Abraham E.,
|e author.
|
| 245 |
1 |
0 |
|a Inflation and the structure of aggregate output :
|b theoretical, empirical & policy issues /
|c Abraham E. Nwankwo.
|
| 264 |
|
1 |
|a London, England :
|b Adonis & Abbey Publishers Ltd,
|c 2017.
|
| 264 |
|
4 |
|c 2017
|
| 300 |
|
|
|a 1 online resource (264 pages)
|
| 336 |
|
|
|a text
|2 rdacontent
|
| 337 |
|
|
|a computer
|2 rdamedia
|
| 338 |
|
|
|a online resource
|2 rdacarrier
|
| 504 |
|
|
|a Includes bibliographical references and index.
|
| 588 |
|
|
|a Description based on online resource; title from PDF title page (ebrary, viewed November 21, 2017).
|
| 590 |
|
|
|a Electronic reproduction. Ann Arbor, MI : ProQuest, 2016. Available via World Wide Web. Access may be limited to ProQuest affiliated libraries.
|
| 650 |
|
0 |
|a Inflation (Finance)
|
| 650 |
|
0 |
|a Gross domestic product.
|
| 650 |
|
0 |
|a Economics.
|
| 655 |
|
4 |
|a Electronic books.
|
| 776 |
0 |
8 |
|i Print version:
|a Nwankwo, Abraham E.
|t Inflation and the structure of aggregate output : theoretical, empirical & policy issues.
|d London, England : Adonis & Abbey Publishers Ltd, c2017
|h ix, 264 pages
|z 9781909112759
|
| 797 |
2 |
|
|a ProQuest (Firm)
|
| 856 |
4 |
0 |
|u https://ebookcentral.proquest.com/lib/matrademy/detail.action?docID=5107281
|z Click to View
|